[Event "GER-ch U18"]
[Site "Willingen"]
[Date "2019.06.09"]
[Round "2"]
[White "Rockmann, Jan Okke"]
[Black "Schnabel, Bennett"]
[Result "1-0"]
[WhiteElo "1816"]
[BlackElo "2125"]
[PlyCount "61"]
[EventDate "2019.06.09"]
[EventType "swiss"]
[EventRounds "9"]
[EventCountry "GER"]
[SourceTitle "CBM 190 Extra"]
[Source "ChessBase"]
[SourceDate "2019.07.15"]
[SourceVersion "1"]
[SourceVersionDate "2019.07.15"]
[SourceQuality "1"]

1. e4 c5 2. Nf3 d6 3. d4 cxd4 4. Nxd4 Nf6 5. Nc3 g6 6. Be3 Bg7 7. f3 a6 8. Qd2 h5 9. Bc4 Nbd7 10. 0-0-0 b5 11. Bd5 Nxd5 12. Nxd5 Ne5 13. b3 Bb7 14. Bg5 Bxd5 15. exd5 Qc7 16. Rhe1 0-0 17. f4 Nc4 18. Qc3 Rfc8 19. bxc4 Qb6 20. Qe3 bxc4 21. Nc6 Rxc6 22. dxc6 Qb4 23. Rd2 d5 24. Kd1 e6 25. Ke2 Qb5 26. c7 e5 27. fxe5 Rc8 28. Bd8 c3+ 29. Rd3 d4 30. Qxd4 Bxe5 31. Qd7 1-0

[Event "Rilton Cup 48th"]
[Site "Stockholm"]
[Date "2018.12.31"]
[Round "5"]
[White "Calzetta Ruiz, Monica"]
[Black "Schnabel, Bennett"]
[Result "1/2-1/2"]
[WhiteElo "2245"]
[BlackElo "2120"]
[PlyCount "72"]
[EventDate "2018.12.27"]
[EventType "swiss"]
[EventRounds "9"]
[EventCountry "SWE"]
[SourceTitle "CBM 188 Extra"]
[Source "ChessBase"]
[SourceDate "2019.02.26"]
[SourceVersion "1"]
[SourceVersionDate "2019.02.26"]
[SourceQuality "1"]

1. c4 e6 2. g3 d5 3. Bg2 c6 4. b3 d4 5. Nf3 f6 6. 0-0 e5 7. e3 Bg4 8. exd4 Bxf3 9. Qxf3 Qxd4 10. Nc3 Na6 11. Bb2 0-0-0 12. Rab1 Qd3 13. Qxd3 Rxd3 14. Rfd1 Nh6 15. a3 Be7 16. Bf1 Rd7 17. Bh3 f5 18. Ne2 Bf6 19. b4 Rhd8 20. Bc3 Rd3 21. Re1 e4 22. Nf4 Bxc3 23. dxc3 Rxc3 24. Rxe4 g5 25. Re6 Ng4 26. Ne2 Rxa3 27. Re7 Rd2 28. b5 Nc5 29. bxc6 b6 30. Bf1 Ne4 31. c5 Nxc5 32. Rc1 Nd3 33. Re8+ Kc7 34. Re7+ Kc8 35. Re8+ Kc7 36. Re7+ Kc8 1/2-1/2

[Event "Rilton Cup 48th"]
[Site "Stockholm"]
[Date "2018.12.28"]
[Round "2"]
[White "Schnabel, Bennett"]
[Black "Mullick, Raahil"]
[Result "0-1"]
[WhiteElo "2120"]
[BlackElo "2276"]
[PlyCount "120"]
[EventDate "2018.12.27"]
[EventType "swiss"]
[EventRounds "9"]
[EventCountry "SWE"]
[SourceTitle "CBM 188 Extra"]
[Source "ChessBase"]
[SourceDate "2019.02.26"]
[SourceVersion "1"]
[SourceVersionDate "2019.02.26"]
[SourceQuality "1"]

1. e4 e5 2. Nf3 Nc6 3. Bb5 Nf6 4. 0-0 Nxe4 5. d4 Nd6 6. dxe5 Nxb5 7. a4 d6 8. e6 Bxe6 9. axb5 Ne5 10. Nd4 Bd7 11. f4 Ng4 12. Re1+ Be7 13. Qe2 Kf8 14. Nd2 Bf6 15. N2f3 g6 16. h3 Nh6 17. g4 Bxd4+ 18. Nxd4 Qh4 19. Ra3 Re8 20. Re3 Kg7 21. Qf3 Rxe3 22. Rxe3 Re8 23. Bd2 Rxe3 24. Qxe3 Qd8 25. Bc3 Kf8 26. Nf3 f6 27. Qxa7 b6 28. Qa4 Ng8 29. Qc4 Bc8 30. Kf2 Qe7 31. Nd4 Qf7 32. Qc6 Qd7 33. Qa8 Ne7 34. Nc6 Kf7 35. Na7 h5 36. gxh5 gxh5 37. Nxc8 Qxc8 38. Qe4 Qxh3 39. Qh7+ Ke6 40. Qe4+ Kd7 41. Bxf6 Qe6 42. Qd4 Nf5 43. Qc3 Qd5 44. Qd3 Qxd3 45. cxd3 d5 46. Be5 c6 47. bxc6+ Kxc6 48. Bc3 Kb5 49. b3 Kc6 50. Kg2 b5 51. Kh2 Kd7 52. Kh3 Ke6 53. Be5 Ne7 54. d4 Ng6 55. Kg3 Kf5 56. Kf3 Nf8 57. Kg3 Ne6 58. b4 Ke4 59. Kh4 Nxf4 60. Kg5 Nd3 0-1

[Event "Heusenstamm Sparkassen op-A 5th"]
[Site "Heusenstamm"]
[Date "2018.11.23"]
[Round "3"]
[White "Hirneise, Jens"]
[Black "Schnabel, Bennett"]
[Result "1-0"]
[WhiteElo "2370"]
[BlackElo "2146"]
[PlyCount "83"]
[EventDate "2018.11.22"]
[EventType "swiss"]
[EventRounds "7"]
[EventCountry "GER"]
[SourceTitle "CBM 188 Extra"]
[Source "ChessBase"]
[SourceDate "2019.02.26"]
[SourceVersion "1"]
[SourceVersionDate "2019.02.26"]
[SourceQuality "1"]

1. e4 c5 2. Nf3 d6 3. d4 cxd4 4. Nxd4 Nf6 5. Nc3 g6 6. Be3 Bg7 7. f3 a6 8. Qd2 h5 9. Be2 Nbd7 10. 0-0 Ne5 11. Rad1 Bd7 12. Nd5 Nxd5 13. exd5 Qc7 14. Rfe1 Nc4 15. Bxc4 Qxc4 16. Bg5 f6 17. Qe3 0-0 18. Bh6 Rf7 19. Bxg7 Kxg7 20. Qb3 Qxb3 21. cxb3 Rc8 22. Rc1 Rc5 23. Rxc5 dxc5 24. Ne6+ Bxe6 25. Rxe6 g5 26. Kf2 Kg6 27. Rb6 e5 28. dxe6 Re7 29. Ke3 Kf5 30. Kd3 Ke5 31. Kc4 Rc7 32. g3 h4 33. gxh4 gxh4 34. f4+ Kxf4 35. Kd5 Rg7 36. Kd6 f5 37. e7 Rg8 38. Kd7 h3 39. Rh6 Kg4 40. e8Q Rxe8 41. Kxe8 f4 42. Ke7 1-0

[Event "JBLN Ost 1819"]
[Site "Germany"]
[Date "2018.11.03"]
[Round "3.2"]
[White "Schnabel, Bennett"]
[Black "Schulte, Felix"]
[Result "1/2-1/2"]
[WhiteElo "2091"]
[BlackElo "2067"]
[PlyCount "82"]
[EventDate "2018.09.29"]
[EventType "team-tourn"]
[EventRounds "9"]
[EventCountry "GER"]
[SourceTitle "CBM 189 Extra"]
[Source "ChessBase"]
[SourceDate "2019.06.03"]
[SourceVersion "1"]
[SourceVersionDate "2019.06.03"]
[SourceQuality "1"]
[WhiteTeam "Berlin Mattnetz"]
[BlackTeam "Halle USV"]
[WhiteTeamCountry "GER"]
[BlackTeamCountry "GER"]

1. e4 c5 2. Nf3 d6 3. d4 cxd4 4. Nxd4 Nf6 5. Nc3 a6 6. Rg1 Nc6 7. Be2 g6 8. Be3 Bg7 9. g4 d5 10. exd5 Nxd5 11. Nxd5 Qxd5 12. Bf3 Qa5+ 13. c3 Nxd4 14. Bxd4 Bxd4 15. Qxd4 0-0 16. Qb4 Qe5+ 17. Qe4 Qxe4+ 18. Bxe4 Rd8 19. b3 Rb8 20. Ke2 b6 21. f3 Bb7 22. Rgd1 Bxe4 23. fxe4 f6 24. Rac1 Kf7 25. Rd4 Rbc8 26. Rd5 e6 27. Rd3 Rxd3 28. Kxd3 Ke7 29. c4 Kd6 30. Ke3 a5 31. Rd1+ Kc7 32. Rf1 Rf8 33. e5 f5 34. h4 Rg8 35. Kf4 h6 36. Rd1 Rd8 37. Rxd8 Kxd8 38. gxf5 gxf5 39. a3 a4 40. b4 Kc7 41. b5 Kd7 1/2-1/2

[Event "Berlin Lichtenrade op 14th"]
[Site "Berlin"]
[Date "2018.11.01"]
[Round "6"]
[White "Landt, Stefan"]
[Black "Schnabel, Bennett"]
[Result "0-1"]
[WhiteElo "1857"]
[BlackElo "2146"]
[PlyCount "78"]
[EventDate "2018.10.27"]
[EventType "swiss"]
[EventRounds "9"]
[EventCountry "GER"]
[SourceTitle "CBM 187 Extra"]
[Source "ChessBase"]
[SourceDate "2018.11.04"]
[SourceVersion "1"]
[SourceVersionDate "2018.11.04"]
[SourceQuality "1"]

1. d4 f5 2. Nf3 Nf6 3. c4 g6 4. g3 Bg7 5. Bg2 d6 6. 0-0 0-0 7. Nc3 c6 8. b4 e5 9. dxe5 dxe5 10. Qb3 Qe7 11. Rd1 e4 12. Nd4 Be6 13. Nxe6 Qxe6 14. Rd6 Qf7 15. e3 Nbd7 16. Bb2 Ne5 17. Bf1 g5 18. c5 Qxb3 19. axb3 Nd5 20. Nxd5 Nf3+ 21. Kg2 Bxb2 22. Ra2 Be5 23. Ne7+ Kf7 24. Rd7 Ke8 25. Rxb7 Rf7 26. b5 Rxe7 27. bxc6 Ne1+ 28. Kg1 Nd3 29. Bxd3 exd3 30. Rd2 Rd8 31. b4 Bc3 32. Rd1 d2 33. b5 Rxb7 34. cxb7 Kd7 35. Kf1 Kc7 36. c6 Rd5 37. Ke2 Rxb5 38. Kd3 Ba5 39. Kc4 Kxc6 0-1

[Event "Berlin Lichtenrade op 14th"]
[Site "Berlin"]
[Date "2018.10.30"]
[Round "4"]
[White "Schnabel, Bennett"]
[Black "Stets, Dmitry"]
[Result "0-1"]
[WhiteElo "2146"]
[BlackElo "2373"]
[PlyCount "66"]
[EventDate "2018.10.27"]
[EventType "swiss"]
[EventRounds "9"]
[EventCountry "GER"]
[SourceTitle "CBM 187 Extra"]
[Source "ChessBase"]
[SourceDate "2018.11.04"]
[SourceVersion "1"]
[SourceVersionDate "2018.11.04"]
[SourceQuality "1"]

1. e4 g6 2. d4 Bg7 3. h4 h5 4. Nc3 c5 5. Nf3 cxd4 6. Nxd4 Nc6 7. Be3 Nf6 8. f3 0-0 9. Nb3 d5 10. exd5 Nb4 11. Qd2 Bf5 12. Nd4 Qc8 13. 0-0-0 Rd8 14. Nxf5 Qxf5 15. Bd3 Qe5 16. f4 Qc7 17. Bd4 Rac8 18. Be5 Qa5 19. a3 Nbxd5 20. Nxd5 Qxd5 21. Kb1 e6 22. Qb4 Qxg2 23. Rhg1 Qc6 24. Rd2 Qc5 25. Qxc5 Rxc5 26. Rdg2 Ng4 27. Bxg7 Kxg7 28. Rg3 Kf6 29. b4 Rc7 30. Be2 Nh6 31. Rd3 Rxd3 32. Bxd3 Nf5 33. Rh1 Rd7 0-1

[Event "JBLN Ost 1819"]
[Site "Germany"]
[Date "2018.09.29"]
[Round "1.2"]
[White "Schnabel, Bennett"]
[Black "Biastoch, Bennet"]
[Result "0-1"]
[WhiteElo "2081"]
[BlackElo "2114"]
[PlyCount "92"]
[EventDate "2018.09.29"]
[EventType "team-tourn"]
[EventRounds "9"]
[EventCountry "GER"]
[SourceTitle "CBM 189 Extra"]
[Source "ChessBase"]
[SourceDate "2019.06.03"]
[SourceVersion "1"]
[SourceVersionDate "2019.06.03"]
[SourceQuality "1"]
[WhiteTeam "Berlin Mattnetz"]
[BlackTeam "Magdeburg Aufbau Elbe"]
[WhiteTeamCountry "GER"]
[BlackTeamCountry "GER"]

1. e4 c5 2. c3 Nf6 3. e5 Nd5 4. d4 cxd4 5. Nf3 d6 6. cxd4 Nc6 7. Bc4 dxe5 8. dxe5 Ndb4 9. Qxd8+ Nxd8 10. Na3 Be6 11. 0-0 Bxc4 12. Nxc4 e6 13. Rd1 Ndc6 14. a3 Nd5 15. Ne3 Nb6 16. b4 Ne7 17. Nd4 Ned5 18. Nb5 Be7 19. Nxd5 Nxd5 20. Be3 0-0 21. Bxa7 b6 22. Rac1 Rfd8 23. g3 h6 24. Rc6 Rd7 25. Bxb6 Rb8 26. Bc5 Rxb5 27. Rc8+ Kh7 28. a4 Rbb7 29. b5 Bxc5 30. Rxc5 Ra7 31. Ra1 Ra5 32. f4 Rda7 33. f5 Rxa4 34. Rxa4 Rxa4 35. fxe6 fxe6 36. Rc6 Rb4 37. Rxe6 Rxb5 38. Kg2 Rb2+ 39. Kf3 Rxh2 40. Rd6 Ne7 41. Re6 Ng6 42. Re8 Ra2 43. e6 Ra7 44. Rb8 Re7 45. Rb6 Nf8 46. Kf4 Nxe6+ 0-1

[Event "Keres Memorial 43th"]
[Site "Vancouver"]
[Date "2018.05.21"]
[Round "6"]
[White "Schnabel, Bennett"]
[Black "Hui, Jeremy"]
[Result "1/2-1/2"]
[WhiteElo "2108"]
[BlackElo "2065"]
[PlyCount "39"]
[EventDate "2018.05.19"]
[EventType "swiss"]
[EventRounds "6"]
[EventCountry "CAN"]
[SourceTitle "EXT 2019"]
[Source "ChessBase"]
[SourceDate "2018.10.10"]
[SourceVersion "1"]
[SourceVersionDate "2018.10.10"]
[SourceQuality "1"]

1. e4 e6 2. b3 d5 3. Bb2 dxe4 4. Nc3 Nf6 5. Qe2 Bb4 6. 0-0-0 Qe7 7. Nxe4 Ba3 8. Nf3 0-0 9. Nxf6+ Qxf6 10. Qe5 Bxb2+ 11. Qxb2 Qxb2+ 12. Kxb2 b6 13. g3 Bb7 14. Bg2 Nd7 15. Rhe1 Rfd8 16. Nh4 Bxg2 17. Nxg2 Nf6 18. h3 Rd7 19. d3 Rad8 20. a4 1/2-1/2

[Event "Victoria op RR"]
[Site "Victoria"]
[Date "2018.01.12"]
[Round "1"]
[White "Cordon, Ian"]
[Black "Schnabel, Bennett"]
[Result "1/2-1/2"]
[WhiteElo "2041"]
[BlackElo "2093"]
[PlyCount "139"]
[EventDate "2018.01.12"]
[EventType "tourn"]
[EventRounds "5"]
[EventCountry "CAN"]
[SourceTitle "EXT 2022"]
[Source "ChessBase"]
[SourceDate "2021.10.06"]
[SourceVersion "1"]
[SourceVersionDate "2021.10.06"]
[SourceQuality "1"]

1. c4 f5 2. Nc3 Nf6 3. g3 g6 4. Bg2 Bg7 5. e3 d6 6. Nge2 0-0 7. 0-0 e5 8. d4 c6 9. Qc2 Be6 10. b3 a5 11. Ba3 e4 12. Rad1 Na6 13. d5 cxd5 14. Nf4 Bf7 15. Nfxd5 Nxd5 16. Nxd5 Nc5 17. Nc3 Qb6 18. Rd2 Nd3 19. Rfd1 Rfc8 20. Na4 Qc7 21. Nb2 Nb4 22. Qb1 Rd8 23. Bf1 Rac8 24. Na4 Be8 25. Nb2 Bc3 26. Re2 h5 27. Rc1 Be5 28. Nd1 h4 29. Nc3 hxg3 30. hxg3 Bc6 31. Rd2 Qh7 32. Bxb4 axb4 33. Nd5 Bxd5 34. Rxd5 b6 35. Rcd1 Rc5 36. Qc2 Kf7 37. Qd2 Kf6 38. Qxb4 Qa7 39. a4 Rh8 40. Rxd6+ Bxd6 41. Rxd6+ Kg5 42. Qxb6 Qh7 43. Rxg6+ Qxg6 44. Qxc5 Qh7 45. Bg2 Rd8 46. Qe5 Rd1+ 47. Bf1 Qd7 48. Kg2 Rb1 49. Qd5 Qxd5 50. cxd5 Rxb3 51. d6 Kf6 52. g4 fxg4 53. Bb5 Rb1 54. Bc6 Rb6 55. d7 Ke7 56. Bb5 Rb8 57. Kg3 Rf8 58. Be2 Kxd7 59. Bxg4+ Kd6 60. Be2 Ra8 61. Bd1 Ke5 62. f3 Rd8 63. f4+ Kf6 64. Be2 Rd2 65. Ba6 Ra2 66. Bb5 Rc2 67. Bf1 Ra2 68. Bb5 Rc2 69. Bf1 Ra2 70. Bb5 1/2-1/2

[Event "Victoria Taylor Memorial"]
[Site "Victoria"]
[Date "2017.11.18"]
[Round "2"]
[White "O'Brien, Frank"]
[Black "Schnabel, Bennett"]
[Result "1-0"]
[WhiteElo "1777"]
[BlackElo "2110"]
[PlyCount "121"]
[EventDate "2017.11.17"]
[EventType "swiss"]
[EventRounds "5"]
[EventCountry "CAN"]
[SourceTitle "EXT 2022"]
[Source "ChessBase"]
[SourceDate "2021.10.06"]
[SourceVersion "1"]
[SourceVersionDate "2021.10.06"]
[SourceQuality "1"]

1. d4 f5 2. e4 fxe4 3. Nc3 Nf6 4. Bg5 g6 5. Bxf6 exf6 6. Nxe4 d5 7. Nd2 Nc6 8. Ngf3 Bf5 9. c3 Qd7 10. Bb5 0-0-0 11. 0-0 g5 12. Qa4 a6 13. Bxc6 Qxc6 14. Qxc6 bxc6 15. Nb3 h5 16. Nc5 h4 17. Nd2 Bh6 18. Rfe1 Rde8 19. Kf1 g4 20. Ndb3 Bf4 21. Rxe8+ Rxe8 22. g3 Bd6 23. Re1 Rxe1+ 24. Kxe1 hxg3 25. hxg3 Bb1 26. a3 Ba2 27. Kd2 Bf8 28. Kc2 Bh6 29. Nxa6 f5 30. Nac5 Bxb3+ 31. Nxb3 Kb7 32. Nc5+ Kb6 33. a4 f4 34. Kd3 fxg3 35. fxg3 Bg5 36. b4 Be7 37. Ke3 Bg5+ 38. Ke2 Be7 39. Nd7+ Ka6 40. Kf2 Bg5 41. Ke2 Be7 42. Ne5 Bd6 43. Kf2 c5 44. bxc5 Bf8 45. Nxg4 Ka5 46. Ke2 Kxa4 47. Kd3 Kb5 48. Ne5 Be7 49. g4 Bf6 50. Nf7 Kc6 51. g5 Bg7 52. Ke3 Kd7 53. Kf4 Ke6 54. Ne5 Bh8 55. Nd3 Bg7 56. Nb4 Bf8 57. Na6 Kd7 58. Kf5 Kc6 59. Kf6 Kb5 60. Nxc7+ Kc4 61. Ne6 1-0

[Event "GER-ch U25-A"]
[Site "Willingen"]
[Date "2017.06.06"]
[Round "4"]
[White "Schnabel, Bennett"]
[Black "Bui, Hai Lam"]
[Result "1-0"]
[WhiteElo "2089"]
[BlackElo "1944"]
[PlyCount "79"]
[EventDate "2017.06.04"]
[EventType "swiss"]
[EventRounds "9"]
[EventCountry "GER"]
[SourceTitle "CBM 178 Extra"]
[Source "ChessBase"]
[SourceDate "2017.06.22"]
[SourceVersion "1"]
[SourceVersionDate "2017.06.22"]
[SourceQuality "1"]

1. e4 e5 2. Nf3 Nc6 3. Bc4 Nf6 4. d3 Bc5 5. 0-0 0-0 6. Bg5 d6 7. Nc3 Be6 8. Bb3 Kh8 9. Na4 Bb6 10. Nxb6 axb6 11. c3 h6 12. Bh4 g5 13. Bg3 Bg4 14. h3 Bh5 15. Re1 Nd7 16. d4 Qf6 17. Re3 b5 18. Qd3 b4 19. dxe5 Ndxe5 20. Nxe5 dxe5 21. cxb4 Rfd8 22. Qb5 Rd4 23. Qxb7 Ra7 24. Bxe5 Nxe5 25. Qxa7 Rd2 26. Rf1 Be2 27. Rxe2 Rxe2 28. Qxc7 Qf4 29. Qc8+ Kg7 30. Qf5 Rxb2 31. Qxf4 gxf4 32. b5 Nd3 33. f3 Nc5 34. Bc4 Kf6 35. Rd1 Rb4 36. Bf1 Rb2 37. Rd5 Ne6 38. a4 Ra2 39. b6 Rxa4 40. b7 1-0

[Event "GER-chT U16"]
[Site "Neumarkt in der Oberpfalz"]
[Date "2016.12.29"]
[Round "5.1"]
[White "Browning, Alex"]
[Black "Schnabel, Bennett"]
[Result "1/2-1/2"]
[WhiteElo "1925"]
[BlackElo "2005"]
[PlyCount "41"]
[EventDate "2016.12.27"]
[EventType "team-swiss"]
[EventRounds "7"]
[EventCountry "GER"]
[SourceTitle "EXT 2018"]
[Source "ChessBase"]
[SourceDate "2017.10.13"]
[SourceVersion "1"]
[SourceVersionDate "2017.10.13"]
[SourceQuality "1"]
[WhiteTeam "Halver Schalksmuehle"]
[BlackTeam "Berlin Mattnetz"]
[WhiteTeamCountry "GER"]
[BlackTeamCountry "GER"]

1. e4 d5 2. exd5 Qxd5 3. Nc3 Qd6 4. d4 Nf6 5. Nf3 a6 6. g3 Bg4 7. Bg2 Nc6 8. h3 Bh5 9. 0-0 0-0-0 10. Bf4 Qb4 11. a3 Qxb2 12. Na4 Bxf3 13. Qxf3 Qxd4 14. Nc3 e6 15. Rab1 Nd5 16. Nxd5 Qxd5 17. Qc3 Qc5 18. Qb3 Qb5 19. Qf3 Qd5 20. Qc3 Qc5 21. Qb3 1/2-1/2

[Event "Berlin Lichtenrade op 12th"]
[Site "Berlin"]
[Date "2016.10.29"]
[Round "8"]
[White "Krefenstein, Sergej"]
[Black "Schnabel, Bennett"]
[Result "1-0"]
[WhiteElo "2176"]
[BlackElo "1948"]
[PlyCount "65"]
[EventDate "2016.10.22"]
[EventType "swiss"]
[EventRounds "9"]
[EventCountry "GER"]
[SourceTitle "EXT 2018"]
[Source "ChessBase"]
[SourceDate "2017.10.13"]
[SourceVersion "1"]
[SourceVersionDate "2017.10.13"]
[SourceQuality "1"]

1. c4 f5 2. g3 Nf6 3. Bg2 g6 4. Nc3 Bg7 5. d3 0-0 6. e4 d6 7. exf5 gxf5 8. Nge2 e5 9. Bg5 c6 10. 0-0 Na6 11. Qd2 Be6 12. f4 Qb6+ 13. Kh1 Ng4 14. fxe5 dxe5 15. h3 Nf6 16. Bh6 Rad8 17. Bxg7 Kxg7 18. Rad1 h6 19. b3 Rd7 20. d4 Rfd8 21. Qe3 e4 22. g4 fxg4 23. Nxe4 Nxe4 24. Bxe4 c5 25. d5 Bf7 26. Rg1 h5 27. Qg5+ Bg6 28. Nf4 Rd6 29. hxg4 Kf7 30. Nxg6 Rxg6 31. Bxg6+ Qxg6 32. Rgf1+ Kg7 33. Qe7+ 1-0

[Event "Berlin Lichtenrade op 12th"]
[Site "Berlin"]
[Date "2016.10.28"]
[Round "7"]
[White "Schnabel, Bennett"]
[Black "Boettcher, Patrick"]
[Result "1-0"]
[WhiteElo "1948"]
[BlackElo "2150"]
[PlyCount "61"]
[EventDate "2016.10.22"]
[EventType "swiss"]
[EventRounds "9"]
[EventCountry "GER"]
[SourceTitle "EXT 2018"]
[Source "ChessBase"]
[SourceDate "2017.10.13"]
[SourceVersion "1"]
[SourceVersionDate "2017.10.13"]
[SourceQuality "1"]

1. e4 c5 2. c3 Nf6 3. e5 Nd5 4. d4 cxd4 5. cxd4 e6 6. Nf3 d6 7. a3 Bd7 8. Bd3 Bc6 9. 0-0 Nd7 10. b4 a6 11. Nbd2 Qc7 12. Bb2 dxe5 13. dxe5 Be7 14. Rc1 0-0 15. g3 Rfd8 16. Qe2 Rac8 17. Rfe1 Nf8 18. Nd4 Qb6 19. N4b3 Rd7 20. Nc5 Bxc5 21. Rxc5 Qd8 22. Ne4 Rcc7 23. Nd6 Nb6 24. Rec1 Bd5 25. Qg4 Na4 26. Rxc7 Rxc7 27. Rxc7 Qxc7 28. Ne8 f5 29. exf6 Qf7 30. Nd6 h5 31. Qg5 1-0

[Event "GER-chT Lands U20"]
[Site "Hannover"]
[Date "2016.10.02"]
[Round "3.2"]
[White "Holtel, Jasper"]
[Black "Schnabel, Bennett"]
[Result "1-0"]
[WhiteElo "2131"]
[BlackElo "1963"]
[PlyCount "95"]
[EventDate "2016.10.01"]
[EventType "team-swiss"]
[EventRounds "7"]
[EventCountry "GER"]
[SourceTitle "CBM 174 Extra"]
[Source "ChessBase"]
[SourceDate "2016.10.10"]
[SourceVersion "1"]
[SourceVersionDate "2016.10.10"]
[SourceQuality "1"]
[WhiteTeam "Nordrhein Westfalen"]
[BlackTeam "Berlin"]
[WhiteTeamCountry "GER"]
[BlackTeamCountry "GER"]

1. e4 d5 2. exd5 Qxd5 3. Nc3 Qd6 4. d4 Nf6 5. Nf3 a6 6. g3 Bg4 7. h3 Bh5 8. Bf4 Qb4 9. Bg2 Nc6 10. a3 Qb6 11. g4 Bg6 12. Na4 Qa5+ 13. c3 0-0-0 14. 0-0 h5 15. Ne5 Nxe5 16. Bxe5 Be4 17. b4 Qb5 18. c4 Qb6 19. b5 axb5 20. cxb5 Qxb5 21. Nc3 Qxe5 22. dxe5 Rxd1 23. Rfxd1 Bxg2 24. Kxg2 Nh7 25. e6 Ng5 26. exf7 Nxf7 27. a4 hxg4 28. hxg4 g5 29. Rac1 Nd6 30. Nb5 c6 31. Rh1 Bg7 32. Rxh8+ Bxh8 33. Nxd6+ exd6 34. f4 gxf4 35. Kf3 Be5 36. Ke4 Kc7 37. g5 c5 38. Kd5 Kb6 39. Rb1+ Ka6 40. g6 f3 41. Kc4 f2 42. Rf1 Kb6 43. Rxf2 Kc6 44. Rf7 d5+ 45. Kd3 c4+ 46. Kc2 b5 47. axb5+ Kxb5 48. Rf5 1-0

[Event "Berlin Lichtenberger op 15th"]
[Site "Berlin"]
[Date "2016.08.17"]
[Round "5"]
[White "Schnabel, Bennett"]
[Black "Woinowski, Michael"]
[Result "1-0"]
[WhiteElo "2044"]
[BlackElo "1734"]
[PlyCount "65"]
[EventDate "2016.08.13"]
[EventType "swiss"]
[EventRounds "9"]
[EventCountry "GER"]
[SourceTitle "CBM 173 Extra"]
[Source "ChessBase"]
[SourceDate "2016.08.29"]
[SourceVersion "1"]
[SourceVersionDate "2016.08.29"]
[SourceQuality "1"]

1. e4 e5 2. Nf3 Nc6 3. Bb5 a6 4. Bxc6 dxc6 5. 0-0 Bg4 6. h3 h5 7. d3 Qf6 8. Nbd2 Ne7 9. Nc4 Bxf3 10. Qxf3 Qxf3 11. gxf3 Ng6 12. Rd1 c5 13. Kf1 Bd6 14. Ke2 f6 15. Rg1 Kf7 16. a4 b5 17. Na5 Ne7 18. Be3 Rhb8 19. Rgb1 c6 20. Nb3 Ng6 21. Nxc5 Bxc5 22. Bxc5 Nf4+ 23. Ke3 Nxh3 24. d4 Nf4 25. c3 Ne6 26. Bd6 exd4+ 27. cxd4 bxa4 28. Bxb8 Rxb8 29. b4 a5 30. bxa5 Rb3+ 31. Rxb3 axb3 32. a6 c5 33. dxc5 1-0

[Event "Berlin Lichtenberger op 15th"]
[Site "Berlin"]
[Date "2016.08.15"]
[Round "3"]
[White "Schnabel, Bennett"]
[Black "Kohlmeyer, Dagobert"]
[Result "1-0"]
[WhiteElo "2044"]
[BlackElo "1877"]
[PlyCount "77"]
[EventDate "2016.08.13"]
[EventType "swiss"]
[EventRounds "9"]
[EventCountry "GER"]
[SourceTitle "CBM 173 Extra"]
[Source "ChessBase"]
[SourceDate "2016.08.29"]
[SourceVersion "1"]
[SourceVersionDate "2016.08.29"]
[SourceQuality "1"]

1. e4 e6 2. d4 d5 3. Nd2 c5 4. Ngf3 Nc6 5. exd5 exd5 6. Bb5 Bd6 7. dxc5 Bxc5 8. 0-0 Nge7 9. Nb3 Bb6 10. Re1 0-0 11. c3 a6 12. Bd3 Bf5 13. Be3 Bc7 14. Bxf5 Nxf5 15. Bc5 Bd6 16. Bxd6 Qxd6 17. Qd3 Nfe7 18. Rad1 Rad8 19. Re3 Ng6 20. Qf5 Nce7 21. Qg4 Qc6 22. h4 Qc8 23. Qxc8 Nxc8 24. Nc5 Rd6 25. Nxb7 Rb6 26. Nc5 Rxb2 27. Nxa6 Rxa2 28. Nb4 Ra4 29. Rxd5 Nf4 30. Rd1 Ne6 31. Nd5 h6 32. g3 Kh7 33. Ne5 Kh8 34. Nxf7+ Rxf7 35. Rxe6 Na7 36. Nf4 Nb5 37. Rd8+ Kh7 38. Ng6 Rf6 39. h5 1-0